STANDARD PLANT OPEARTORS QUESTIONS ANS ANSWER (Record no. 569434)

000 -LEADER
fixed length control field 00281nam a22001097a 4500
082 ## - DEWEY DECIMAL CLASSIFICATION NUMBER
Classification number 681.76 ELO'S
100 ## - MAIN ENTRY--PERSONAL NAME
Personal name ELONKA, S. M,ROBINSON, J. F
9 (RLIN) 59459
245 ## - TITLE STATEMENT
Title STANDARD PLANT OPEARTORS QUESTIONS ANS ANSWER
250 ## - EDITION STATEMENT
Edition statement V-1
260 ## - PUBLICATION, DISTRIBUTION, ETC.
Place of publication, distribution, etc. NEWYORK
Name of publisher, distributor, etc. MCGRAW HILL
Date of publication, distribution, etc. 1959
942 ## - ADDED ENTRY ELEMENTS (KOHA)
Koha item type Book
Holdings
Withdrawn status Lost status Damaged status Not for loan Permanent Location Current Location Shelving location Date acquired Total Checkouts Full call number Barcode Date last seen Price effective from Koha item type
        College of Electrical & Mechanical Engineering (CEME) College of Electrical & Mechanical Engineering (CEME) General Stacks 07/18/2017   681.76 ELO'S CEME-1779 06/28/2021 06/28/2021 Book
        College of Electrical & Mechanical Engineering (CEME) College of Electrical & Mechanical Engineering (CEME) General Stacks 07/18/2017   681.76 ELO'S CEME-1780 06/28/2021 06/28/2021 Book
© 2023 Central Library, National University of Sciences and Technology. All Rights Reserved.